| 000 | 00615nam a22002177a 4500 | ||
|---|---|---|---|
| 001 | 15385 | ||
| 003 | BD-RjUL | ||
| 005 | 20211208235815.0 | ||
| 008 | 140210s1972 N ||||| |||| 00| 0 eng d | ||
| 020 | _a0134779010 | ||
| 035 | _a(BD-RjUL)15439 | ||
| 040 |
_aBD-RjUL _beng _cBD-RjUL _dBD-RjUL |
||
| 041 | _aeng | ||
| 082 | 0 | 4 |
_220 _a572 _bMAI 1972 |
| 100 | 1 |
_aMaranda, Pierre, _947808 |
|
| 245 |
_aIntroduction to anthropology : _bA self-guide / _c Pierre Maranda. |
||
| 260 |
_aNew Jersey : _bPrentice-Hall, _c1972. |
||
| 300 |
_axiv, 288 p. : _bill. ; _c28 cm. |
||
| 650 | 7 |
_a Anthropology. _947810 |
|
| 942 |
_2ddc _cBK |
||
| 999 |
_c15385 _d15385 |
||